000 00574nam a22001937a 4500
999 _c9768
_d9768
003 GBCCL
005 20241126110718.0
008 230712b ||||| |||| 00| 0 eng d
020 _a9780310244028
040 _cgbc
082 _a225.77
_bZON
100 _aBlomberg, Craig
_92994
245 _aJames /
_cCraig L Blomberg and Mariam J Kamell
260 _aGrand Rapids :
_bZondervan ,
_c2008
300 _a280 pages
440 _aZondervan exegetical commentary on the New Testament
_vv.16
_916976
650 _aBible
_vN.T.
_xJames
_xcommentaries
_916977
942 _2ddc
_cREF